000 00682nas a2200241 4500
001 BR9602934
003 BR-BrBNA
005 20231205094741.0
007 ta
008 230509b bl.|||p| |||| 00| 00por d
040 _aBR-BrBNA
_bpor
_cBiblioteca Nacional de Agricultura
041 _a(Pt)
072 _aQ03
100 1 _aSpers, E.E.
100 1 _aKassouf, A.L.
245 1 _aA seguranca dos alimentos: uma preocupacao crescente
650 _aHigiene de Alimento
650 _aConsumidor
650 _aSaude Publica
773 0 _tPrecos Agricolas (Brazil)
_x
_g(Mar 1996), v. 10(13) p. 4-7
_wBR9602934
909 _a202311
_bLúcia
_c55
_dLúcia Elande
942 _2AGRIS
_n0
_cANA
999 _c146591
_d146591